[Event "Hoogovens-B"]
[Site "Wijk aan Zee"]
[Date "1999.01.19"]
[Round "1"]
[White "Janssen, Ruud"]
[Black "Van den Doel, Erik"]
[Result "1/2-1/2"]
[WhiteElo "2445"]
[BlackElo "2547"]
[Annotator "Tsesarsky,I"]
[PlyCount "74"]
[EventDate "1999.01.19"]
[EventType "tourn"]
[EventRounds "11"]
[EventCountry "NED"]
[EventCategory "11"]
[SourceTitle "CBM 069"]
[Source "ChessBase"]
[SourceDate "1999.04.01"]
[SourceVersion "1"]
[SourceVersionDate "1999.04.01"]
[SourceQuality "1"]

{[%mdl 260]} 1. Nf3 Nf6 2. c4 e6 3. g3 d5 4. d4 Nbd7 5. Bg2 c6 6. O-O Bd6 7.
Qc2 O-O 8. Nbd2 Re8 9. Rd1 Qe7 10. e4 Nxe4 11. Nxe4 dxe4 12. Qxe4 e5 13. dxe5 (
13. Re1 Bb4 14. Bd2 Bxd2 15. Nxd2 Qf8 16. dxe5 Rxe5 17. Qf4 Rxe1+ 18. Rxe1 Nc5
$11 {1/2-1/2 Quadrio,A-Carvalho,A/Loures POR 1998 (32)}) (13. c5 exd4 14. Qxe7
Bxe7 15. Nxd4 Bxc5 $17 {1/2-1/2 Adianto,U-Barua,D/Kozhikode 1998 (57)}) (13.
Bg5 f6 (13... Qf8 14. dxe5 (14. d5 cxd5 15. cxd5 f5 16. Qh4 Nb6 $132) 14...
Nxe5 15. Bf4 Nxf3+ 16. Qxf3 Bxf4 17. Qxf4 Be6 $11 {1/2-1/2 Goriatchkin,
J-Akhmetov,A/RUS 1996/Inf 01 (25)}) 14. Be3 exd4 (14... Qf7 15. dxe5 Bxe5 16.
Qc2 Bc7 $11 {1/2-1/2 Klarenbeek,H-Strijbos,M/Ghent ,EXT 1992 (32)}) 15. Qxe7
Bxe7 16. Bxd4 (16. Rxd4 Bc5 17. Rd3 Bxe3 18. Rxe3 Rxe3 19. fxe3 Nf8 $11 {
1-0 Von Alvensleben,W-Conrad,J/Dortmund 1991 (58)}) (16. Nxd4 Ne5 (16... Nf8
17. Nxc6 bxc6 18. Bxc6 $14 {0-1 Shestakov,S-Konotop/Moscow ,EXT 1994 (30)}) 17.
b3 Bg4 $11 {1/2-1/2 Heinig,W-Renner,G/Berliner Sommer ,EXT 1994 (25)}) 16...
Bc5 (16... Nb6 17. b3 Bg4 18. h3 Be6 19. Be3 Rad8 $11 {1-0 Haba,P-Zedek,A/
CZE-ch Bratislava ,EXT 1991 (39)}) (16... Nf8 17. Be3 (17. h3 Be6 18. b3 a5 $11
{1/2-1/2 Ivanov,M-Issing,P/10.Wuerzburger op (2/3) 1994/Inf 02 (29)}) (17. Re1
Be6 18. b3 a5 $11 {1/2-1/2 Holmsgaard,H-Thorfinnsson,B/Copenhagen Politiken
1996 (20)}) 17... Be6 $11 {1/2-1/2 Zilberman,Y-Bruk,O/Ramat Gan ISR ch(8) 1992
(54)}) 17. Re1 Rxe1+ 18. Rxe1 Bxd4 19. Nxd4 Ne5 20. b3 Kf7 21. f4 Ng6 22. b4
Bd7 23. b5 Ne7 $11 {1-0 Wirthensohn,H-Preissmann,E/Geneva 1986 (31)}) (13. Be3
Nf6 (13... exd4 14. Qxe7 Bxe7 15. Bxd4 Nf6 $11 {1-0 Drasko,M-Schartz,A/EUCup
Vilnius 1995 (56)}) 14. Qh4 (14. Qc2 exd4 $11 (14... e4 15. Nd2 h6 16. Re1 $14
{1/2-1/2 Ghorbani,M-Handoko,E/Asian Teams, Genting Highlands MAS 1998 (57)}))
14... e4 15. Nd2 h6 16. Re1 Bf5 17. f3 exf3 18. Bxf3 Qd8 $15 {0-1 Raetsky,
A-Pigusov,E/RUS tt Kolontaevo 1994 (35)}) (13. Bd2 Qf8 $5 $11 (13... Nf6 14.
Qc2 e4 15. Re1 h6 16. Bc3 Bf5 17. Nd2 $14 {0-1 Badea,B-Dumitrache,D/mvc-igm
1996 (41)}) (13... exd4 14. Qxd4 Bc5 $11 {1-0 Gavrikov,V-Hracek,Z/Deutschland
1995/Inf 64/ (41)})) (13. d5 Nf6 14. Qh4 cxd5 15. cxd5 h6 $132 {1-0 Dias,
P-Conceicao,P/Lisbon POR 1998 (24)}) 13... Nxe5 (13... Bxe5 14. Nxe5 Qxe5 15.
Qxe5 Nxe5 16. Bf4 $2 (16. b3 Bg4 17. Rd6 Rad8 (17... Nf3+ 18. Bxf3 Bxf3 19. Be3
Rad8 20. Rxd8 Rxd8 21. Bxa7 $11) 18. Rxd8 Rxd8 19. Be3 $11) 16... Nxc4 17. b3
Nb6 18. a4 a5 19. Bc7 Nd7 20. Rac1 Nf8 21. Bb6 Be6 $17 {0-1 Berger,G-Nogly,C/
Hamburg ,EXT 1992 (54)}) 14. Nxe5 (14. Ng5 f5 15. Qc2 Bc5 (15... h6 16. Nh3 (
16. Nf3 Be6 17. Nd4 Bc5 (17... Nxc4 18. Nxf5 Bxf5 19. Qxf5 Rad8 (19... Qe2 20.
Bf3) 20. Bxh6 $1 Nxb2 21. Bg5 Qd7 22. Qxd7 Rxd7 23. Rd2 $14) 18. b3 (18. Nxe6
$2 Qxe6 19. Bf4 Ng4 20. Rd2 Rad8 21. Rxd8 Rxd8 (21... Bxf2+ 22. Kh1 (22. Qxf2
Nxf2 23. Rxe8+ Qxe8 24. Kxf2 g5 25. Be3 Qe5 26. Rb1 f4 27. gxf4 gxf4 28. Bxa7
Qa5 29. Bb8 Qc5+ 30. Kf1 f3 31. Bxf3 Qf5 $17) 22... Rxd8 23. h3 $16) 22. Rf1
Nxf2 23. Rxf2 Qe1+ 24. Bf1 g5 $19) 18... Rad8 19. Bb2 $11) 16... Bc5 17. Bd2
Qf7 18. b4 Bf8 19. Re1 Bd7 20. Rac1 Rad8 21. c5 Bc8 $11 {1/2-1/2 Pigusov,
E-Tunik,G/RUS tt Kolontaevo 1994 (28)}) 16. h3 Ng6 17. Kh2 h6 18. Nf3 Qf6 19.
Bd2 f4 20. Bc3 Qf7 21. g4 Be6 22. b3 $11 {1-0 Escobedo Tinajero,A-Ansell,S/
WchJM-U18 Duisburg 1992 (30)}) 14... Bxe5 15. Bf4 (15. Be3 f5 16. Qc2 Qf6 17.
Re1 (17. Rab1 f4 18. gxf4 Bxf4 19. Bxf4 Qxf4 20. Qb3 Rf8 21. c5+ $11 {1/2-1/2
Banikas,H-Gelashvili,T/Open, Korinthos GRE 1998 (21)}) 17... Bxb2 18. Bg5 Rxe1+
19. Rxe1 Qxg5 20. Qxb2 Qd8 21. Bf3 h6 $44 (21... f4 $2 22. c5 fxg3 23. hxg3 Qf8
24. Bh5 g6 25. Bd1 h5 26. Bc2 Kh7 27. Qe5 Bf5 $8 28. Qc7+ $16 {1-0 Dumitrache,
D-Danilov,V/ROM 1993 (34)})) 15... Bf6 (15... Bg4 16. Re1 Bf6 17. Qxe7 Rxe7 18.
Rxe7 Bxe7 19. Be3 $11 {0-1 Skembris,S-Antonio,R/Manila olm 1992 (47)}) 16. Qc2
(16. Qxe7 Bxe7 17. Be3 (17. h3 $11) (17. Rd3 Bc5 18. Bf3 Bf5 19. Rd2 Rad8 20.
Rxd8 (20. g4 Be6 $15 {1-0 Summermatter-Eschbach/Bad Zurzach 1995 (41)}) 20...
Rxd8 21. Re1 $11) 17... Be6 18. b3 Bf6 19. Bd4 $11 {1/2-1/2 Tatenhorst,
V-Jordan,W/OLNN 1992 (59)}) 16... Bg4 17. Rd2 a5 (17... Qe1+ $4 18. Rxe1 Rxe1+
19. Bf1 Bh3 20. Rd1 Rae8 21. Qd2 $18) 18. h3 Bh5 19. Bd6 Qe6 20. c5 $11 a4 21.
a3 $8 Qb3 (21... h6 22. Bf4 Bg6 23. Qd1 Bf5 (23... Be4 24. Re2 Qc4 25. Rc1 Qd5
26. Qe1 Bxg2 27. Rxe8+ Rxe8 28. Qxe8+ Kh7 29. Kh2 Bxb2 30. Re1 Bc3 $44) 24. g4
Bg6 $11) 22. Be4 (22. Qxb3 axb3 $15) 22... Qxc2 23. Bxc2 Re2 (23... Bf3 24. Rb1
Bg5 25. Rd4 Re2 26. Rxa4 Rxa4 27. Bxa4 Bf6 28. b4 Bd4 29. Rf1 Ra2 30. Bb3 (30.
Bd1 Bd5 $19 {[%csl Rf2][%cal Gd5c4]}) 30... Rxa3 31. Re1 h5 32. Bc4 $132) (
23... Bxb2 24. Bxh7+ Kxh7 25. Rxb2 $11) 24. Rxe2 Bxe2 25. Re1 Bb5 (25... Bc4
26. Bxa4 Bxb2 27. Re7 g5 28. Rxb7 Rxa4 29. Rxb2 Rxa3 $11) 26. b3 h6 27. bxa4 (
27. b4 Bb2 28. Re3 Bc1 29. Rc3 Re8 30. Bh7+ Kxh7 31. Rxc1 Re2 32. Rc3 $11)
27... Bxa4 28. Bxa4 Rxa4 29. Rb1 Rxa3 30. Rxb7 Ra2 31. Rb6 Bd4 32. Rxc6 Rxf2
33. Kh1 Kh7 34. Rc8 Kg6 35. c6 Rf1+ 36. Kg2 Rf2+ 37. Kh1 Rf1+ 1/2-1/2

[Event "MK Cafe Cup-A"]
[Site "Koszalin"]
[Date "1999.08.05"]
[Round "3"]
[White "Grabarczyk, Miroslaw"]
[Black "Markowski, Tomasz"]
[Result "1-0"]
[WhiteElo "2484"]
[BlackElo "2557"]
[Annotator "Tsesarsky,I"]
[PlyCount "93"]
[EventDate "1999.08.03"]
[EventType "swiss"]
[EventRounds "9"]
[EventCountry "POL"]
[SourceTitle "CBM 073"]
[Source "ChessBase"]
[SourceDate "1999.12.01"]
[SourceVersion "1"]
[SourceVersionDate "1999.12.01"]
[SourceQuality "1"]

1. d4 d5 2. c4 e6 3. Nf3 c6 4. Qc2 Bd6 5. g3 Nf6 6. Bg2 O-O 7. O-O Nbd7 8. Nbd2
Re8 9. b3 e5 10. cxd5 cxd5 11. dxe5 Nxe5 12. Bb2 Nc6 (12... Bg4 13. Bc3 (13.
Nxe5 Rc8 (13... Bxe5 14. Bxe5 Rxe5 15. e3 (15. Nf3 Re7 (15... Bf5 16. Qb2 Re7
17. Nd4 Be4 18. Bh3 $14) (15... Bxf3 16. Bxf3 Qd7 17. Rad1 Rc8 18. Qb2 $14 {
1-0 Wojtkiewicz,A-Bhat,V/2nd Mechanics, San Francisco USA 1997 (45)}) 16. Nd4
Rc8 17. Qb2 Rec7 18. Rac1 (18. f3 Bd7 19. Rac1 h6 20. Rfd1 b6 21. Rxc7 {
1/2-1/2 Tukmakov,V-Nogueiras,J/Las Palmas 1992 (21)}) 18... h6 19. e3 a6 20.
Rfe1 Qd7 21. f3 Be6 22. Kf2 Qd6 23. Rxc7 Qxc7 24. Re2 Qc1 25. Qxc1 Rxc1 26. Re1
Rc7 27. Rd1 $14 {1-0 Andersson,U-Cifuentes Parada,R/Benidorm 1994/Inf 60/ (67)}
) 15... Rc8 16. Qb2 Qe7 17. Rac1 Rd8 18. Nf3 Rh5 19. Rfd1 Bxf3 20. Bxf3 Rf5 21.
Bg2 $14 {1-0 Korsunsky,Y-Beshara,N/Tanta EGY 1998 (37)}) 14. Qd3 Bxe5 15. Bxe5
Rxe5 16. e3 Qd7 17. Rfc1 Rd8 18. Nf3 Rh5 19. Nd4 $14 {0-1 Haselhorst,
H-Volkmann,F/Oberwart op 1996 (35)}) (13. Rac1 Nc6 14. Rfe1 Rc8 15. Qb1 Bb4 16.
Bc3 Bxc3 17. Rxc3 Rc7 18. e3 Rd7 $11 {1-0 Barczay,L-Maric,K/Open, Feldbach AUT
1997 (58)}) 13... Qe7 14. Rae1 Rac8 15. Qb2 Ned7 16. Bd4 b6 17. h3 (17. e3 Bf5
{[%cal Gf5d3]} 18. Rc1 Ba3 $17) (17. Be3 $2 Bf5 18. Nh4 Be6 $132 {0-1 Kotov,
A-Christoffel,M/Groningen 1946 (77)}) 17... Bf5 18. Nh4 Bc2 19. Nc4 Bb4 20. Rc1
dxc4 21. Rxc2 $11) (12... Bd7 13. Rac1 (13. Bxe5 Bxe5 14. Nxe5 Rxe5 15. Nf3 Rc8
16. Qb2 Re7 17. Rac1 Be6 18. Rxc8 Qxc8 19. Qa3 Rc7 20. Qxa7 $16 {1-0 Muhtarov,
L-Kiss,J/Zalakaros ,EXT 1995 (43)}) 13... Nc6 14. Rfe1 Rc8 15. Qb1 Ne5 16. Rxc8
Qxc8 17. Qa1 Qb8 18. Nxe5 Bxe5 19. Bxe5 Rxe5 20. Qd4 Bc6 21. e3 $14 {1-0 Pitam,
E-Vydeslaver,A/Jerusalem ISR WCh 1996 (67)}) (12... Qe7 13. Nd4 Ba3 (13... Bd7
14. Rad1 Rac8 15. Qb1 Neg4 16. e3 Ne4 17. Nxe4 dxe4 18. h3 Nf6 19. Rd2 $132 {
1/2-1/2 Romero_Holmes,A-Comas Fabrego,L/Bilbao(4) 1993 (37)}) 14. Bxa3 Qxa3 15.
Nb5 Qe7 16. Nc7 Bf5 17. Qxf5 Qxc7 18. Rac1 $14 {1-0 Becker,J-Lindh,B/cr ch S
1993 (33)}) 13. e3 (13. Rfe1 Bg4 (13... Ne4 14. Nd4 Nb4 15. Qd1 Bd7 16. a3 Nc6
17. Nxc6 Bxc6 18. Nf3 Bc5 19. Bd4 Qb6 20. b4 Bxd4 21. Qxd4 Qxd4 22. Nxd4 Bd7
$14 {1-0 Haag,M-Safarian,A/Suncoast AUS 1999 (51)}) 14. e4 (14. Rad1 Qe7 15.
Nf1 Rac8 16. Ne3 d4 17. Nxg4 Nxg4 18. Qf5 Nxf2 19. Kxf2 Bb4 20. Kg1 Bxe1 21.
Rxe1 $14 {1/2-1/2 Slipak,S-Tempone,M/ARG-ch ,CBM 1995/ (49)}) (14. a3 Rc8 15.
Qd3 Ne4 16. b4 Bf8 17. e3 Qb6 18. Rac1 Rcd8 19. Bd4 $14 {0-1 Orsag,M-Haba,P/
Czech ch 1996 (56)}) 14... Rc8 15. Qb1 Bb4 16. exd5 Qxd5 $11 {1-0 Olafsson,
F-Poulsen,C/Esbjerg 1953 (27)}) (13. Rae1 Bg4 14. e4 d4 15. a3 Rc8 16. Qd3 Nd7
17. h3 Nc5 18. Qb1 Bh5 19. Nh4 Bf8 20. Nf5 f6 21. Ba1 Bf7 22. Rd1 g6 23. Nh4
Qb6 $15 {1/2-1/2 Haba,P-Hracek,Z/Brno 1994 (43)}) 13... Bg4 14. Rac1 (14. Nd4
Nb4 15. Qb1 Bh5 16. a3 Bg6 17. Nf5 Nc6 (17... Be5 18. Bxe5 (18. Bh3 Nc6 19.
Bxe5 Nxe5 20. Rd1 $11) 18... Rxe5 19. axb4 Bxf5 20. Qb2 $11) 18. Bh3 Ne5 19.
Kg2 h5 20. Rd1 Qb6 21. b4 Rad8 22. Qa2 $14 {0-1 Cuevas Rodriguez,M-Benschop,A/
EuT-ch (women), Pula CRO 1997 (37)}) 14... Bh5 (14... Ne4 15. a3 Qe7 16. b4
Rad8 17. Nb3 Rc8 18. Qd3 Bxf3 19. Bxf3 Be5 20. Nd4 Qd7 $14 {1/2-1/2 Panno,
O-Granda Zuniga,J/Buenos Aires 1991 (22)}) (14... Qe7 15. Nd4 Nxd4 16. Bxd4 Ba3
17. Bc5 Bxc5 18. Qxc5 Qxc5 19. Rxc5 Rac8 20. Rfc1 Rxc5 21. Rxc5 Rc8 22. Rxc8+
Bxc8 $14 {1/2-1/2 Bareev,E-Anand,V/Biel (izt) 1993/Inf 60 (24)}) 15. Qb1 (15.
Nh4 Be2 16. Rfe1 Nb4 17. Qf5 Bd3 18. Bxf6 Qxf6 19. Qxf6 gxf6 20. a4 Nc2 21.
Red1 Ba3 22. Bxd5 Bxc1 23. Rxc1 Re7 $15 {1-0 Kveinys,A-Rosenberger,F/BL2-W
1995 (53)}) 15... Bg6 16. Qa1 Nb4 17. Ne1 Qa5 $6 $14 {This place is bad for
Queen.} (17... Bf8 $142 18. a3 Nc6 19. Nef3 Ne4 20. b4 Qb6 21. Nxe4 (21. Nb3 a5
$1 $132) 21... Bxe4 22. Ne5 (22. Nd4 Bxg2 23. Kxg2 a5 $11) 22... Nxe5 23. Bxe5
Qb5 24. Bc3 Bxg2 25. Kxg2 Rac8 26. Rfd1 $11 {[%csl Rc4,Rd5][%cal Gc8c4,Ge8c8]
1/2-1/2 Schwartzman,G-Cifuentes,R/Wijk aan Zee-B 1994 (58)}) (17... Be7 $143
18. a3 Nc6 19. Nef3 a5 20. Ne5 Nxe5 21. Bxe5 Qb6 22. Bd4 Qb5 23. a4 Qd7 24. Nf3
$14 {[%csl Rd5] 1/2-1/2 Mochalov,E-Linauskas,D/Polanica Zdroj ,EXT 1995 (42)})
18. a3 Nc6 (18... Nd3 $5 19. b4 Bxb4 (19... Qa4 20. Nxd3 Bxd3 21. Bxf6 Bxf1 22.
Bxd5 Bd3 23. Bxg7 Qd7 24. e4 $16) 20. Nb3 Qa6 21. Nxd3 (21. axb4 Qxa1 22. Bxa1
Nxc1 23. Nxc1 Ne4 24. Nb3 b6 25. Nd3 $132) 21... Qxd3 22. axb4 Qxb3 23. Bxf6
gxf6 24. Qxf6 Qxb4 25. Rfd1 (25. Bxd5 Qe7 26. Qf3 Rab8 $14 (26... Be4 27. Qg4+
$16)) (25. Rc7 Rad8 26. Rd1 $14) 25... Qe7 26. Qxe7 Rxe7 27. Rxd5 $132) 19.
Nef3 (19. b4 Qd8 20. Bxf6 Qxf6 (20... gxf6 21. Bxd5 (21. Nef3 $14) 21... Bxg3
22. Bxc6 (22. hxg3 Qxd5 23. Nef3 Ne5 24. Nd4 Nd3 25. Rc3 Rac8 $132) 22... Be5
23. Qa2 bxc6 24. Rxc6 Qd7 25. Rc1 Rac8 26. Ng2 Red8 (26... Qh3 27. f4 Bd6 28.
Rxc8 Rxc8 29. Qd5 $16) 27. Nf3 Rxc1 28. Rxc1 Qg4 29. Nfe1 (29. Nxe5 Rd1+ 30.
Rxd1 Qxd1+ $19) 29... Be4 30. f4 Bd6 31. Qf2 (31. Qc4 f5 $44) 31... Kh8 32. Qh4
$14) 21. Qxf6 gxf6 22. Bxd5 $16) (19. Bxf6 gxf6 20. b4 Qd8 $14) 19... Rad8 $2
$16 {[%csl Rf6]} (19... Be7 $1 20. Rfd1 $14) 20. Rfd1 $5 (20. b4 $5 Qb6 21.
Bxf6 gxf6 22. Qxf6 Bf8 23. Qf4 Bg7 24. Nh4 Bb2 25. Rc5 Bxa3 26. Nxg6 hxg6 27.
Rb1 $16) (20. Bxf6 gxf6 21. b4 Qa4 22. Qxf6 Qxa3 23. b5 Re6 24. Qh4 Be7 25. Qg4
$16) 20... Bf8 21. b4 (21. Bxf6 gxf6 22. b4 Qa4 23. Qxf6 Bg7 $44) 21... Qb6 22.
Ne5 (22. Bxf6 gxf6 23. Qxf6 Bg7 24. Qf4 Bb2 25. Rc5 Bxa3 26. Nd4 Nxd4 27. exd4
Bxb4 28. Rxd5 Bd6 $132) 22... Bh5 $5 (22... Nxe5 23. Bxe5 $16 {[%cal Ge5c7,
Ge5f6]}) 23. Re1 $2 $14 (23. Nxc6 $1 bxc6 24. Bd4 Qa6 25. Bxf6 gxf6 26. Bf3 Bg6
(26... Bxf3 27. Nxf3 $16 {[%csl Rf6,Rf7]}) 27. Qxf6 $16) 23... Ne7 $2 $16 (
23... Be7 24. Nxc6 bxc6 25. Nb3 $14) 24. Nd3 $5 (24. Bd4 $1 Qe6 (24... Qa6 25.
Bf1 Qa4 26. Rc5 {[%cal Gf1b5]} a6 27. Bd3 $18 {[%csl Ra4][%cal Gc5a5,Gd3c2]})
25. Rc7 (25. Bxa7 b6 26. Rc7 Ra8 27. Rec1 Nc8 28. Nc6 Bd6 29. Rb7 Bc5 $5 30.
bxc5 Qxc6 31. Rxb6 Nxb6 32. cxb6 $16) 25... Rc8 26. Rxb7 Rc2 27. Nb3 $16) 24...
Bg6 (24... Ne4 25. Bd4 Qb5 (25... Qa6 26. Nxe4 Qxd3) 26. Nxe4 dxe4 (26... Qxd3
27. Nc5 $16 {[%csl Rb7]}) 27. Bxe4 $16) 25. Nf4 $5 {[%csl Yd4,Rd5]} (25. Bd4 $1
Qb5 26. Ne5 $16 (26. Nf4 $16)) 25... Ne4 26. Red1 (26. Bd4 Qa6 27. Nf3 $16)
26... Nxd2 27. Rxd2 Be4 28. Rcd1 a5 29. bxa5 $2 $14 (29. Bd4 $1 {Was much
better...} Qa6 30. f3 Bf5 31. Bf1 $16) 29... Qxa5 30. Bc3 Qa4 31. Rd4 Qa8 $8 {
[%csl Ra3]} 32. a4 (32. Nxd5 Nxd5 $1 (32... Bxd5 33. Bxd5 Nxd5 34. Rxd5 Rxd5
35. Rxd5 Qxa3 (35... Bxa3 36. Bxg7 $18) 36. Bxg7 $1 $16) 33. Bxe4 Nxc3 34. Qxc3
Rxd4 35. Rxd4 Qxa3 36. Qxa3 Bxa3 37. Bxb7 h5 $44 {[%cal Ge8e7,Gg7g6]}) 32...
Nc6 $2 $16 (32... Bxg2 33. Kxg2 b6 {[%csl Yd5]} 34. Kg1 $14) 33. R4d2 Bxg2 34.
Kxg2 d4 (34... Re4 35. a5 Ne7 36. Qa2 d4 37. Bxd4 $16) 35. exd4 Na5 (35... Bd6
36. d5 Na5 (36... Bxf4 37. gxf4 Ne7 38. Bxg7 Nf5 (38... Rd6 39. Kh1 b6 40. Bf6
$18) 39. Bf6 Rd6 40. Rg1 $18) 37. Re2 Bxf4 38. Rxe8+ Rxe8 39. gxf4 Qa6 40. Re1
$16) 36. Bxa5 $1 {Excelent solution!} Qxa5 37. Rb2 Bd6 38. Rb5 Qc7 39. Nd5 $1
Qc2 (39... Qc6 40. Rc1 Qd7 41. Qb1 Qg4 42. Rd1 Rd7 43. h3 (43. Ne3 $2 $13 Rxe3
44. fxe3 Qe2+ 45. Kh3 Bxg3 $3 46. hxg3 (46. Kxg3 Qxe3+ 47. Kg2 Qe2+ $11) 46...
Rd6 47. Rb6 Qh5+ 48. Kg2 Qe2+ 49. Kh3 $11) 43... Qe6 44. Ne3 $16) 40. Qb1 Qxa4
41. Rxb7 Qc6 42. Qb5 Qc2 (42... Qxb5 43. Rxb5 h6 $16) 43. Qd3 $2 {[%csl Rd5]} (
43. Rd3 $16 {[%cal Gd3f3]} Re1 44. Ne3 Qc1 45. Qc4 Rg1+ 46. Kh3 $16) 43... Qxd3
44. Rxd3 Bxg3 45. Ne7+ (45. Nf6+ gxf6 46. hxg3 Rd5 $11) 45... Kf8 46. Nc6 Rd6
$4 $18 (46... Rc8 47. hxg3 Rxc6 $11) 47. Rf3 1-0

[Event "BCF-chT 9798 (4NCL)"]
[Site "England"]
[Date "1998.03.22"]
[Round "8.1"]
[White "Davies, Nigel Rodney"]
[Black "Ansell, Simon"]
[Result "1-0"]
[WhiteElo "2515"]
[BlackElo "2380"]
[Annotator "Tsesarsky,I"]
[PlyCount "65"]
[EventDate "1997.11.??"]
[EventType "team"]
[EventRounds "11"]
[EventCountry "ENG"]
[SourceTitle "CBM 065"]
[Source "ChessBase"]
[SourceDate "1998.08.06"]
[SourceVersion "1"]
[SourceVersionDate "1998.08.06"]
[SourceQuality "1"]
[WhiteTeam "Barbican"]
[BlackTeam "Bristol"]
[WhiteTeamCountry "ENG"]
[BlackTeamCountry "ENG"]

1. Nf3 d5 2. c4 c6 3. d4 Nf6 4. Qc2 e6 5. g3 Nbd7 6. Bg2 Bd6 7. O-O O-O 8. Nc3
Qe7 (8... dxc4 9. Rd1 (9. Nd2 Nb6 (9... e5 10. Nxc4 Bc7 11. Rd1 exd4 12. Rxd4
$14 {1-0 Giemsa,S-Murdzia,P/Hamburg Wichern op 1993 (17)}) 10. Nce4 Be7 11. e3
e5 12. dxe5 Ng4 13. Nxc4 Nxc4 14. Qxc4 {1/2-1/2 Wojtkiewicz,A-Cifuentes Parada,
R/Wijk-B 1994}) (9. a4 e5 10. dxe5 Nxe5 11. Nxe5 Bxe5 12. Ne4 Bf5 13. Qxc4 Nxe4
14. Bxe4 Bxe4 15. Qxe4 Re8 $11 {1/2-1/2 Buck,L-Stehning,M/GER
Niedersachsen-chJ U20 1995 (18)}) 9... Qe7 10. Nd2 Nb6 11. Nce4 (11. a4 a5 12.
Nce4 Nxe4 13. Nxe4 Bb4 14. Bf4 h6 15. Nd2 Nd5 16. Nxc4 Nxf4 17. gxf4 Bd7 18. e3
$11 {Tregubov,P-Delander,A/Berliner Sommer 1996/1/2-1/2 (67)}) 11... Nxe4 12.
Bxe4 h6 13. Nxc4 Nxc4 14. Qxc4 e5 15. dxe5 Bxe5 16. Qc2 Be6 17. Be3 Rfd8 {
1/2-1/2 Pichler,J-Seul,G/BL 1988}) (8... Re8 9. Rd1 dxc4 (9... Nf8 10. e4 Nxe4
11. Nxe4 dxe4 12. Qxe4 Ng6 13. Qe2 Bd7 14. Ng5 f6 15. Ne4 Bf8 16. h4 $14 {
1-0 Lopez,A-Rivero,C/EQ 1989 (39)}) 10. e4 Bf8 11. a4 Qa5 12. Bf4 e5 13. Nxe5
Nxe5 14. Bxe5 Rxe5 15. dxe5 Qxe5 16. Qe2 Be6 17. h3 $14 {Kiseleva,N-Suknev/
Yalta op 1995/0-1 (61)}) (8... b6 9. e4 dxe4 10. Nxe4 Nxe4 11. Qxe4 Bb7 12. Ne5
Nxe5 13. dxe5 Be7 14. Be3 Rb8 15. c5 $1 $14 {Zimmerman,Y-Spulber,C/ATI-Homorod,
II-B 1993/0-1 (46)}) 9. b3 (9. Rd1 h6 10. b3 b6 11. Nd2 Bb7 12. e4 dxe4 13.
Ndxe4 Nxe4 14. Nxe4 Nf6 15. Nxd6 Qxd6 16. a4 Qc7 17. Bf4 $16 {1-0 Shumiakina,
T-Stoisavljevic,S/JUG-chT Igalo 1994 (35)}) 9... Re8 10. Bb2 b6 (10... e5 $6
11. cxd5 cxd5 (11... Nxd5 12. Nxd5 (12. Ne4 Bc7 $132) 12... cxd5 13. dxe5 Nxe5
14. Qd2 $14) 12. Nb5 (12. dxe5 Nxe5 13. Ng5 Ng6 14. Rfd1 $14) 12... e4 13. Nxd6
Qxd6 14. Ne5 $14) (10... dxc4 11. bxc4 e5 12. d5 (12. Rad1 exd4 (12... e4 13.
Ng5 e3 14. f4 $14 (14. Nge4 exf2+ 15. Rxf2 Bc7 16. Nxf6+ Nxf6 17. e4 $14)) 13.
Rxd4 (13. Nxd4 Ne5 14. Ne4 Nxe4 15. Bxe4 Nxc4 16. Bxh7+ Kh8 17. Qxc4 Kxh7 $132)
13... Ne5 $132) (12. e3 $5 Bc7 13. Rfe1 $14) 12... Nc5 (12... cxd5 13. Nxd5
Nxd5 14. cxd5 e4 15. Nd4 Nf6 16. Nb5 $14) 13. dxc6 bxc6 14. Rfd1 Rb8 15. Rab1
$11) 11. Nd2 $5 (11. e4 dxe4 (11... Nxe4 12. Nxe4 dxe4 13. Ne5 (13. Qxe4 Bb7
$11) 13... Nf6 14. Nxc6 Qc7 15. Ne5 Bb7 $132) 12. Ng5 Bb7 13. Ngxe4 {-This game
}) 11... Bb7 (11... Ba6 12. e4 dxc4 13. e5 cxb3 14. axb3 Bxf1 15. exd6 Qxd6 16.
Rxf1 $14) 12. e4 dxe4 13. Ndxe4 Nxe4 14. Nxe4 Bc7 15. Rfe1 $14 (15. Rae1 $5 $14
) 15... Nf8 16. a4 $5 (16. Rad1 Rad8 17. a3 $14) 16... Rad8 (16... a5 17. Re3
$14) 17. a5 f5 $6 $16 (17... bxa5 18. Ba3 (18. Nc5 Bb6 (18... Ba8 19. Na6 Bb6
20. c5 $14) 19. Nxb7 Qxb7 20. Qe4 Rc8 $44) 18... Qd7 19. Nc5 Qc8 20. Nxb7 Qxb7
21. Qe4 Qxb3 22. Qxc6 Rc8 23. Re3 Qb6 24. Qe4 $14) 18. Nd2 (18. Ba3 $5 Qd7 19.
Ng5 Ng6 (19... Qxd4 20. Bxf8 Qf6 $1 21. axb6 $1 Bxb6 (21... axb6 22. Ra7 Rb8
23. Bxc6 Bxc6 24. Rxc7 $18) 22. c5 Qxg5 23. Bd6 (23. cxb6 Kxf8 24. Rxa7 $16)
23... Rxd6 24. cxd6 $16) 20. axb6 axb6 21. Qe2 e5 22. Qh5 (22. d5 cxd5 23. cxd5
Bxd5 24. Qh5 h6 (24... Nf8 25. Bxf8 Kxf8 26. Rad1 e4 27. Nxh7+ $16) 25. Bxd5+
Qxd5 26. Qxg6 hxg5 27. Qxf5 e4 28. Qxd5+ Rxd5 29. Rac1 $14) 22... h6 (22... Nf8
23. Bxf8 $18) 23. Qxg6 hxg5 24. Qxg5 exd4 25. Bb2 f4 26. Rad1 $16) 18... bxa5
19. Bc3 (19. c5 Rd7 20. Nc4 Qd8 21. Qc3 $16) 19... Rd7 20. c5 (20. Bxa5 Bxa5
21. Rxa5 Rxd4 22. Rxa7 (22. Nf3 Rd7 23. Rxf5 (23. Rxa7 c5 24. Ne5 Bxg2 25. Nxd7
Bc6 26. Ne5 Qxa7 27. Nxc6 Qb7 28. Ne5 $11) 23... c5 24. Rfe5 $14) 22... Ra8 23.
Rxa8 Bxa8 24. Nf3 $14) 20... Qf7 (20... Qd8 21. Nc4 a6 22. Nxa5 $16) 21. Nc4 (
21. Bxa5 Bb8 (21... Bxa5 22. Rxa5 a6 23. Nf3 Rdd8 24. Bf1 Qh5 25. Qc3 $16) 22.
Bc3 $16) 21... f4 22. Bxa5 Bb8 (22... Rxd4 23. Bxc7 Qxc7 24. Qc3 $16 (24. Nd6
Ra8 25. Qc3 Rxd6 26. cxd6 Qxd6 27. b4 $16)) 23. Bc3 (23. Qe4 $16) 23... Ng6 (
23... Red8 24. Na5 (24. Qe2) 24... f3 25. Bf1 Qh5 26. Re3 $16) 24. Na5 f3 25.
Bf1 Ne7 (25... Ba8 26. Qe4 $16) 26. Bd3 (26. b4 $16) 26... g6 (26... Qh5 27. b4
Qh3 28. Bf1 Qg4 29. h3 Qh5 30. Nxb7 Rxb7 31. Rxe6 $18) 27. Be4 (27. b4 $16)
27... Nd5 28. Bd2 e5 (28... Ba8 29. b4 Rf8 30. Ra3 Qg7 31. Qa4 Qxd4 32. Rd3 Qg7
33. Nxc6 Bc7 34. Nd4 $18) 29. b4 Rc8 $6 $18 (29... exd4 30. Ra3 Re5 31. Rxf3
Qe6 32. Nc4 Ne3 $5 33. Rfxe3 dxe3 34. Rxe3 $16) 30. Ra3 exd4 31. Rxf3 Qg7 32.
b5 $1 cxb5 33. Nxb7 1-0